000
00324nam a22001337a 4500
008
181015b xxu||||| |||| 00| 0 eng d
020
_a
9780890797297
041
_a
eng
080
_2
3rd
_a
159.9
100
_a
48
101
_a
PSI
245
_a
Treatment Procedures in Communicative Disorders
_c
Hegde,M.N
942
_2
udc
_c
BK
999
_c
49654
_d
49654